000 01508cam a2200157 4500500
005 20260329023319.0
041 _afre
042 _adc
100 1 0 _aGarcia Herrero, Alicia
_eauthor
700 1 0 _aFernández García, Alicia
_eauthor
700 1 0 _aPetithomme, Mathieu
_eauthor
245 0 0 _aLes nationalismes dans l'Espagne contemporaine (1975-2011) : Compétition politique et identités nationales
260 _bArmand Colin,
_c2012.
520 _aComment les nationalismes, qu’ils émanent des partis nationaux ou des formations basques, catalanes et galiciennes, ont-ils repensé la « nation » espagnole depuis la transition démocratique ? Alliant l’histoire contemporaine et la science politique, ce livre retrace la réémergence des nationalismes « périphériques » et étudie leurs idéologies en Catalogne, au Pays basque et dans d’autres communautés autonomes depuis la mort de Franco en 1975. Il souligne aussi les stratégies des partis nationaux dominants, de droite comme de gauche, pour s’adapter à l’essor des revendications nationalistes et régionalistes dans le cadre démocratique de l’État des autonomies. Réunissant les meilleurs spécialistes français et espagnols, l’ouvrage constitue un outil de référence, à la fois accessible et érudit, sur les trajectoires nationalistes dans l’Espagne contemporaine.
856 4 1 _uhttps://shs.cairn.info/les-nationalismes-dans-l-espagne-contemporaine--9782200280505?lang=fr&redirect-ssocas=7080
999 _c1926245
_d1926245